| 000 | 01686nam a2200241 a 4500 | ||
|---|---|---|---|
| 001 | 000028504 | ||
| 005 | 20240315110841.0 | ||
| 008 | 110408s2004 dr 001 0 spa d | ||
| 040 |
_aDO-SdBNP _bspa _cBNPHU |
||
| 082 |
_a346.729307 _bR426r |
||
| 110 | 1 |
_aRepública Dominicana _9447 |
|
| 240 | 1 | 2 | _a[Leyes, etc.] |
| 245 | 1 | 0 |
_aRecopilación legislativa en materia comercial / _ccompiladores Juan A. Biaggi Lama y Samuel Arias Arceno. |
| 260 |
_aSanto Domingo : _bSuprema Corte de Justicia, _c2004. |
||
| 300 |
_a3 v. ; _c27 cm. |
||
| 505 | 0 |
_tCódigo de comercio de la República Dominicana -- _tLey 189-01 que modifica varios artículos del Código Civil Dominicano -- _tTratados internacionales -- _tNavegacion Marítima -- _tMateria de prueba -- _tDerecho de autor -- _tTransporte aéreo -- _tArbitraje -- _tAlmacenes generales de depósito y otras disposiciones relacionadas con actividad bancaria -- _tVenta condicional de inmuebles -- _tVentas acumulativas -- _tComercio controlado -- _tInquilinato -- _tExplosivos -- _tGasolina -- _tSalud pública -- _tInversión extranjera -- _tCámara de comercio -- _tMinería -- _tPropiedad intelectual -- _tAeronáutica civil -- _tElectricidad -- _tEspectáculos públicos -- _tCompetencia desleal -- _tSeguro y fianzas -- _tSobre seguridad social -- _tZonas francas. |
|
| 590 | _aInventariado, 2018/LP | ||
| 650 | 4 |
_aDerecho comercial _xLegislación _zRepública Dominicana _xRecopilaciones, repertorios, etc. _955471 |
|
| 650 | 4 |
_aLeyes _zRepública Dominicana _xRecopilaciones, repertorios, etc. _955472 |
|
| 700 | 1 | 2 |
_aBiaggi Lama, Juan A. _d1951-2023 _ecomp. _976550 |
| 700 | 1 | 2 |
_aArias Arceno, Samuel, _ecomp. _955473 |
| 910 | _aValidado. Control de calidad EMS. | ||
| 999 |
_c27996 _d27996 |
||